50 Maiores Cidades Brasileiras por PIB - Statistics

Estatísticas Gerais
  • Esse quiz foi jogado 386 vezes
  • A pontuação média é 35 de 50
Estatísticas das Respostas
Posição Cidade PIB (em R$ 1 000) UF % Correto
1 São Paulo 714 683 362 SP
100%
4 Belo Horizonte 91 957 092 MG
99%
3 Brasília 254 817 205 DF
99%
2 Rio de Janeiro 364 052 058 RJ
99%
5 Curitiba 87 151 950 PR
98%
7 Porto Alegre 77 134 613 RS
98%
10 Salvador 63 526 092 BA
97%
6 Manaus 78 192 321 AM
96%
9 Fortaleza 67 024 088 CE
95%
16 Goiânia 49 364 258 GO
95%
11 Campinas 61 397 263 SP
91%
13 Recife 52 401 487 PE
91%
34 Vitória 26 380 111 ES
90%
27 Belém 31 484 849 PA
89%
45 Florianópolis 21 059 561 SC
89%
12 Guarulhos 61 325 724 SP
87%
41 Cuiabá 23 705 266 MT
85%
24 São Luís 33 605 801 MA
84%
29 Campo Grande 29 177 496 MS
83%
40 Natal 23 803 673 RN
80%
43 Santos 22 476 976 SP
80%
44 Maceió 22 400 313 AL
78%
46 Teresina 20 961 472 PI
78%
21 Uberlândia 37 442 791 MG
78%
47 João Pessoa 20 036 726 PB
77%
18 Duque de Caxias 41 595 845 RJ
76%
19 Niterói 40 356 679 RJ
76%
14 São Bernardo do Campo 50 568 693 SP
74%
48 Londrina 19 954 157 PR
73%
28 Joinville 30 785 682 SC
72%
8 Osasco 76 609 046 SP
72%
23 Ribeirão Preto 34 327 544 SP
71%
37 Caxias do Sul 24 678 915 RS
66%
30 Santo André 28 994 686 SP
65%
22 Sorocaba 35 015 188 SP
65%
20 São José dos Campos 39 697 501 SP
64%
50 Maringá 18 532 977 PR
62%
26 Campos dos Goytacazes 32 313 154 RJ
54%
35 Betim 25 483 677 MG
52%
31 Contagem 27 731 703 MG
49%
17 Jundiaí 43 632 891 SP
44%
42 Serra 23 118 448 ES
39%
33 Piracicaba 26 421 072 SP
37%
15 Barueri 50 566 644 SP
36%
36 Itajaí 25 413 432 SC
35%
49 Canoas 19 177 607 RS
33%
39 Camaçari 23 822 598 BA
32%
38 São José dos Pinhais 24 104 946 PR
30%
32 Maricá 26 982 459 RJ
14%
25 Paulínia 32 690 878 SP
12%
Nenhum quiz correspondente encontrado
Distribuição das Pontuações
Porcentagem de Pessoas com Cada Pontuação
Percentil de Números Respondidos
Sua Pontuação Histórica
Você não jogou esse quiz